000 00756nam a2200205Ii 4500
003 JO-AjNU
008 230605s9999||||xx |||||||||||||| ||und||
040 _aJO-AjNU
_bara
_erda
_cJO-AjNU
041 _aara
050 1 4 _aPJ7507.M34 1992
100 3 _aتاليف المجالي، جهاد,
_eauthor
_938375
245 0 0 _aطبقات الشعراء في النقد الأدبي عند العرب
250 _aط1
264 3 1 _aبيروت: دار الجيل؛ عمان: مكتبة الرائد العلمية، 1992
300 _a226ص
336 _atext
_btxt
_2rdacontent
337 _aunmediated
_bn
_2rdamedia
338 _avolume
_bnc
_2rdacarrier
650 4 _aالشعراء العرب-تراجم-الادب العربي-تاريخ ونقد
_938376
999 _aA16118
_c19686
_d19686